[Event "6th Solidarity it"]
[Site "Skopje YUG"]
[Date "1976.02.29"]
[Round "1"]
[White "Adorjan, Andras"]
[Black "Nicevski, Risto"]
[Result "1-0"]
[WhiteElo "2510"]
[BlackElo "2395"]
[EventDate "1976.02.29"]
[PlyCount "83"]
[Source "Perpetual Check"]

1.e4 e5 2.Nf3 Nc6 3.Bb5 a6 4.Bxc6 dxc6 5.O-O Bd6 6.d4 exd4 7.Qxd4 f6 8.Re1
Ne7 9.e5 fxe5 10.Nxe5 O-O 11.Bg5 Be6 12.Nc3 Rf5 13.Nf3 Rxg5 14.Rxe6 Rg6 
15.Rae1 Rxe6 16.Rxe6 Ng6 17.Qc4 Kh8 18.h4 Qg8 19.Re4 Qxc4 20.Rxc4 Ne5 21.
Nxe5 Bxe5 22.Re4 Bf6 23.Kf1 Kg8 24.Nd1 h5 25.g3 Kf7 26.Ke2 b5 27.c3 a5 28.
a4 Rb8 29.Kd3 Rd8+ 30.Kc2 Re8 31.Rxe8 Kxe8 32.b3 Kd7 33.Kd3 Kd6 34.Ne3 Kc5
35.Nf1 b4 36.c4 Bc3 37.g4 hxg4 38.Ne3 g3 39.fxg3 Be1 40.Nf5 g6 41.Ne7 Kd6 
42.Nxg6 1-0

[Event "6th Solidarity it"]
[Site "Skopje YUG"]
[Date "1976.02.29"]
[Round "1"]
[White "Sofrevski, Jovan"]
[Black "Tarjan, James Edward"]
[Result "1/2-1/2"]
[WhiteElo "2450"]
[BlackElo "2490"]
[EventDate "1976.02.29"]
[PlyCount "51"]
[Source "Perpetual Check"]

1.Nf3 c5 2.c4 Nf6 3.Nc3 e6 4.g3 b6 5.Bg2 Bb7 6.O-O Be7 7.Re1 O-O 8.e4 d6 
9.d4 cxd4 10.Nxd4 Qc7 11.b3 a6 12.Bb2 Nbd7 13.Rc1 Rac8 14.Qe2 Qb8 15.f4 
Rfd8 16.f5 e5 17.Nc2 b5 18.cxb5 axb5 19.Nb4 Qa7+ 20.Kh1 Rc5 21.a3 Qb6 22.
h3 Rdc8 23.Kh2 h6 24.Qf2 Bf8 25.Qe3 Qa5 26.Ncd5 1/2-1/2

[Event "6th Solidarity it"]
[Site "Skopje YUG"]
[Date "1976.03.01"]
[Round "2"]
[White "Tarjan, James Edward"]
[Black "Reshevsky, Samuel Herman"]
[Result "1/2-1/2"]
[WhiteElo "2490"]
[BlackElo "2515"]
[EventDate "1976.02.29"]
[PlyCount "64"]
[Source "Perpetual Check"]

1.d4 Nf6 2.c4 e6 3.Nc3 Bb4 4.e3 d5 5.Nf3 O-O 6.Bd3 c5 7.O-O dxc4 8.Bxc4 
Nc6 9.Bd3 cxd4 10.exd4 Be7 11.a3 b6 12.Re1 Bb7 13.Bc2 Na5 14.Ne5 Nc6 15.
Nf3 Na5 16.Ne5 Nc6 17.Nxc6 Bxc6 18.Qd3 g6 19.Bb3 Qd6 20.Qh3 Rfe8 21.Bg5 
Nh5 22.Bxe7 Rxe7 23.Rad1 Rd8 24.Qh4 Red7 25.d5 exd5 26.Nxd5 Bxd5 27.Rxd5 
Qc7 28.Rxd7 Rxd7 29.g3 Qc5 30.Qc4 Qxc4 31.Re8+ Kg7 32.Bxc4 Nf6 1/2-1/2

[Event "6th Solidarity it"]
[Site "Skopje YUG"]
[Date "1976.03.01"]
[Round "2"]
[White "Uhlmann, Wolfgang"]
[Black "Kurajica, Bojan"]
[Result "1-0"]
[WhiteElo "2555"]
[BlackElo "2525"]
[EventDate "1976.02.29"]
[PlyCount "101"]
[Source "Perpetual Check"]

1.c4 e6 2.Nc3 d5 3.d4 Nf6 4.cxd5 exd5 5.Bg5 Nbd7 6.e3 c6 7.Bd3 Bd6 8.Qc2 
Nf8 9.Nge2 Ng6 10.Ng3 O-O 11.O-O-O h6 12.Bxf6 Qxf6 13.Kb1 Nh4 14.e4 Bb4 
15.e5 Qd8 16.f4 f5 17.Nh5 Qe8 18.Be2 Be6 19.Rhg1 Kh8 20.h3 Bf7 21.Ng3 b6 
22.Nf1 Ng6 23.g3 c5 24.Nb5 Qd7 25.Nd6 Be6 26.a3 Ba5 27.Bb5 Qd8 28.Ne3 Ne7 
29.g4 g6 30.gxf5 gxf5 31.Nb7 Qc7 32.Nxa5 bxa5 33.Qxc5 Qxc5 34.dxc5 Rfc8 
35.c6 Rab8 36.Ba4 Rb6 37.Rg2 Rd8 38.Nc2 d4 39.Rxd4 Rdb8 40.Ne3 Nxc6 41.Rd6
Ne7 42.Rgd2 Ng6 43.Rd8+ Kg7 44.Rxb8 Rxb8 45.Rd4 Nh4 46.Rd6 Rb6 47.Nd5 Bxd5
48.Rxd5 Ng2 49.Rxa5 Nxf4 50.Bc2 Kg6 51.e6 1-0

[Event "6th Solidarity it"]
[Site "Skopje YUG"]
[Date "1976.03.01"]
[Round "2"]
[White "Adorjan, Andras"]
[Black "Karpov, Anatoly"]
[Result "1/2-1/2"]
[WhiteElo "2510"]
[BlackElo "2695"]
[EventDate "1976.02.29"]
[PlyCount "90"]
[Source "Perpetual Check"]

1.e4 c5 2.Nf3 e6 3.d4 cxd4 4.Nxd4 a6 5.Bd3 Qc7 6.O-O g6 7.c3 d6 8.Bg5 Bg7 
9.Nd2 Nd7 10.f4 Ngf6 11.f5 e5 12.Nc2 b5 13.Ne3 h6 14.Bxf6 Nxf6 15.fxg6 
fxg6 16.Nd5 Qa7+ 17.Kh1 O-O 18.Nxf6+ Bxf6 19.a4 bxa4 20.Qxa4 Qe7 21.Nc4 
Rb8 22.Ne3 Be6 23.Qc2 Bg5 24.Nd5 Rxf1+ 25.Rxf1 Qb7 26.b4 Rf8 27.Qe2 Rxf1+ 
28.Qxf1 Bxd5 29.exd5 Qf7 30.Bxa6 Qxf1+ 31.Bxf1 Bd2 32.b5 Bxc3 33.b6 Bd4 
34.b7 Ba7 35.Bd3 Kf7 36.g3 Kf6 37.Kg2 Bb8 38.Kf3 Kg5 39.Bb5 Kf5 40.Bd3+ 
Kg5 41.Bc2 Ba7 42.Be4 Kf6 43.Ke2 Bb8 44.Kd3 g5 45.h4 gxh4 1/2-1/2

[Event "6th Solidarity it"]
[Site "Skopje YUG"]
[Date "1976.03.02"]
[Round "3"]
[White "Kurajica, Bojan"]
[Black "Vaganian, Rafael"]
[Result "1-0"]
[WhiteElo "2525"]
[BlackElo "2550"]
[EventDate "1976.02.29"]
[PlyCount "99"]
[Source "Perpetual Check"]

1.e4 e6 2.d4 d5 3.Nc3 Bb4 4.e5 Ne7 5.a3 Bxc3+ 6.bxc3 b6 7.Qg4 Nf5 8.Bb5+ 
c6 9.Bd3 h5 10.Qh3 Qd7 11.g4 Ne7 12.Ne2 Ba6 13.Ng3 Bxd3 14.cxd3 Kd8 15.Qh4
Qe8 16.gxh5 Nd7 17.a4 Kc7 18.a5 f6 19.exf6 gxf6 20.O-O Kb7 21.Re1 Qg8 22.
a6+ Kc8 23.Kh1 Rh7 24.Bf4 Qf7 25.Bd6 Kd8 26.Re3 Nc8 27.Ba3 Kc7 28.Rae1 e5 
29.f4 c5 30.dxe5 fxe5 31.fxe5 Qe6 32.d4 Ne7 33.dxc5 bxc5 34.Qa4 Rb8 35.c4 
d4 36.Rf3 Nc6 37.Qc2 Rhh8 38.Qf5 Qxc4 39.Qf7 Qxf7 40.Rxf7 Nd8 41.Re7 Kc6 
42.e6 Nf6 43.Rxa7 Kd5 44.Rf1 Nxh5 45.Nxh5 Rxh5 46.e7 Nc6 47.Rd7+ Ke6 48.
Rd8 Rh8 49.Rxh8 Rxh8 50.Rf8 1-0

[Event "6th Solidarity it"]
[Site "Skopje YUG"]
[Date "1976.03.02"]
[Round "3"]
[White "Sofrevski, Jovan"]
[Black "Uhlmann, Wolfgang"]
[Result "1/2-1/2"]
[WhiteElo "2450"]
[BlackElo "2555"]
[EventDate "1976.02.29"]
[PlyCount "48"]
[Source "Perpetual Check"]

1.Nf3 g6 2.e4 d6 3.c4 Bg7 4.d4 Nf6 5.Nc3 O-O 6.Be2 e5 7.Be3 Ng4 8.Bg5 f6 
9.Bc1 Nc6 10.O-O Kh8 11.d5 Ne7 12.Ne1 f5 13.Bxg4 fxg4 14.f3 gxf3 15.Rxf3 
Ng8 16.Be3 Nf6 17.Qd2 Bd7 18.Nd3 Qe7 19.Bg5 Rf7 20.Raf1 Raf8 21.h3 Qe8 22.
Qe3 b6 23.b4 c5 24.b5 Ng8 1/2-1/2

[Event "6th Solidarity it"]
[Site "Skopje YUG"]
[Date "1976.03.02"]
[Round "3"]
[White "Reshevsky, Samuel Herman"]
[Black "Timman, Jan"]
[Result "1/2-1/2"]
[WhiteElo "2515"]
[BlackElo "2550"]
[EventDate "1976.02.29"]
[PlyCount "45"]
[Source "Perpetual Check"]

1.Nf3 Nf6 2.c4 g6 3.Nc3 d5 4.cxd5 Nxd5 5.Qa4+ Bd7 6.Qb3 Nb6 7.d4 Bg7 8.Bf4
O-O 9.Rd1 Nc6 10.e3 a5 11.Be2 a4 12.Qc2 Bf5 13.e4 Bg4 14.d5 Nb4 15.Qc1 
Bxf3 16.Bxf3 a3 17.bxa3 Rxa3 18.e5 Ra5 19.O-O N4xd5 20.Nxd5 Nxd5 21.Bxd5 
Rxd5 22.Rxd5 Qxd5 23.Qxc7 1/2-1/2

[Event "6th Solidarity it"]
[Site "Skopje YUG"]
[Date "1976.03.03"]
[Round "4"]
[White "Georgievski, Vanco"]
[Black "Matanovic, Aleksandar"]
[Result "1/2-1/2"]
[WhiteElo "2250"]
[BlackElo "2525"]
[EventDate "1976.02.29"]
[PlyCount "45"]
[Source "Perpetual Check"]

1.Nf3 g6 2.g3 Bg7 3.Bg2 e5 4.d3 d6 5.c4 f5 6.Nc3 Nf6 7.O-O O-O 8.Rb1 h6 9.
b4 Kh7 10.e4 fxe4 11.dxe4 a5 12.a3 axb4 13.axb4 Be6 14.Qd3 Qd7 15.Nd2 Nc6 
16.Nd5 Bh3 17.f3 Bxg2 18.Kxg2 Ra2 19.Nxf6+ Bxf6 20.Rf2 Nd4 21.Bb2 Ra4 22.
b5 Qe6 23.Ra1 1/2-1/2

[Event "6th Solidarity it"]
[Site "Skopje YUG"]
[Date "1976.03.03"]
[Round "4"]
[White "Tarjan, James Edward"]
[Black "Ivkov, Borislav"]
[Result "1-0"]
[WhiteElo "2490"]
[BlackElo "2520"]
[EventDate "1976.02.29"]
[PlyCount "47"]
[Source "Perpetual Check"]

1.d4 g6 2.e4 Bg7 3.c4 d6 4.Nc3 Nc6 5.Be3 e5 6.d5 Nce7 7.g4 Nf6 8.f3 O-O 9.
h4 c6 10.Qd2 cxd5 11.cxd5 Bd7 12.O-O-O a6 13.h5 b5 14.Kb1 Qa5 15.hxg6 fxg6
16.Nh3 Rac8 17.Ng5 Rc7 18.Ne6 Bxe6 19.dxe6 b4 20.Nd5 Nfxd5 21.exd5 Rxf3 
22.Bg2 Rf8 23.Be4 Rfc8 24.Qf2 1-0

[Event "6th Solidarity it"]
[Site "Skopje YUG"]
[Date "1976.03.03"]
[Round "4"]
[White "Uhlmann, Wolfgang"]
[Black "Reshevsky, Samuel Herman"]
[Result "1-0"]
[WhiteElo "2555"]
[BlackElo "2515"]
[EventDate "1976.02.29"]
[PlyCount "151"]
[Source "Perpetual Check"]

1.c4 Nf6 2.Nc3 e5 3.Nf3 Nc6 4.g3 Bb4 5.Bg2 O-O 6.O-O Re8 7.Ne1 Bxc3 8.dxc3
e4 9.Bg5 h6 10.Bxf6 Qxf6 11.Nc2 d6 12.Ne3 Re5 13.Qb3 Rb8 14.Rad1 b6 15.Qc2
Bf5 16.Rd5 Rbe8 17.Rfd1 Bd7 18.Rxe5 Nxe5 19.Qxe4 h5 20.Qd4 Ng4 21.Qxf6 
Nxf6 22.Bf3 g6 23.b4 Re5 24.Rd4 Kf8 25.Nd5 Ne8 26.Rd2 c6 27.Nf4 Ke7 28.Nd3
Re6 29.Bg2 Kd8 30.c5 Kc7 31.e4 dxc5 32.bxc5 Nf6 33.f3 Re8 34.Kf2 Be6 35.
Bf1 Bc4 36.h4 Rd8 37.cxb6+ axb6 38.Be2 Ra8 39.Ne5 Be6 40.Bc4 Bxc4 41.Nxc4 
Ne8 42.a4 f6 43.f4 f5 44.exf5 gxf5 45.Re2 Nf6 46.Re7+ Kd8 47.Rf7 Ng4+ 48.
Ke2 Rxa4 49.Nxb6 Ra2+ 50.Kd3 Nf2+ 51.Kd4 Ne4 52.Rd7+ Ke8 53.Rc7 Nxg3 54.
Rxc6 Re2 55.Nd5 Re4+ 56.Kd3 Kf7 57.Rf6+ Kg7 58.Rxf5 Nxf5 59.Kxe4 Nxh4 60.
f5 Ng2 61.Kf3 Ne1+ 62.Kf4 Kh6 63.Nb4 h4 64.Kg4 h3 65.Kxh3 Nf3 66.Kg4 Ne5+ 
67.Kf4 Nc4 68.Nd5 Kg7 69.Ne3 Na5 70.Ng4 Kf7 71.Ne5+ Kf6 72.c4 Nb7 73.Ng4+ 
Ke7 74.Ke5 Nc5 75.f6+ Kf8 76.Kd5 1-0

[Event "6th Solidarity it"]
[Site "Skopje YUG"]
[Date "1976.03.03"]
[Round "4"]
[White "Vaganian, Rafael"]
[Black "Sofrevski, Jovan"]
[Result "1-0"]
[WhiteElo "2550"]
[BlackElo "2450"]
[EventDate "1976.02.29"]
[PlyCount "69"]
[Source "Perpetual Check"]

1.d4 Nf6 2.c4 d6 3.Nc3 Nbd7 4.e4 e5 5.Nge2 c6 6.g3 exd4 7.Nxd4 Nb6 8.Qe2 
Be7 9.Bg2 O-O 10.O-O Re8 11.Rd1 Bf8 12.Qf1 Bg4 13.Re1 Bd7 14.h3 c5 15.Nc2 
Na4 16.Nd1 Bc6 17.b3 Nb6 18.Nc3 Rb8 19.Bb2 a6 20.Rad1 Nbd7 21.f4 Qa5 22.
Qd3 b5 23.Ne3 Nb6 24.Re2 bxc4 25.bxc4 Rbd8 26.Ba1 g6 27.Kh2 Bg7 28.e5 Bxg2
29.exf6 Bf3 30.fxg7 Bxe2 31.Nxe2 Qxa2 32.Kg1 Nxc4 33.Ng4 Nb2 34.Qc3 f6 35.
Bxb2 1-0

[Event "6th Solidarity it"]
[Site "Skopje YUG"]
[Date "1976.03.03"]
[Round "4"]
[White "Adorjan, Andras"]
[Black "Kurajica, Bojan"]
[Result "1/2-1/2"]
[WhiteElo "2510"]
[BlackElo "2525"]
[EventDate "1976.02.29"]
[PlyCount "60"]
[Source "Perpetual Check"]

1.e4 c5 2.Nf3 Nc6 3.d4 cxd4 4.Nxd4 Qc7 5.Nc3 e6 6.Be2 a6 7.O-O Nf6 8.Kh1 
Be7 9.f4 d6 10.Be3 O-O 11.Qe1 Bd7 12.Qg3 b5 13.a3 Rab8 14.e5 Ne8 15.Ne4 g6
16.c3 dxe5 17.fxe5 f5 18.Ng5 Nxd4 19.Bxd4 h6 20.Nxe6 Bxe6 21.Qxg6+ Ng7 22.
Qxh6 Bc5 23.Rf3 Bxd4 24.cxd4 Bc4 25.Bxc4+ bxc4 26.Rh3 Kf7 27.Rg3 Kg8 28.
Re1 Rb3 29.Qxa6 Rxg3 30.hxg3 Rd8 1/2-1/2

[Event "6th Solidarity it"]
[Site "Skopje YUG"]
[Date "1976.03.05"]
[Round "5"]
[White "Sofrevski, Jovan"]
[Black "Adorjan, Andras"]
[Result "1/2-1/2"]
[WhiteElo "2450"]
[BlackElo "2510"]
[EventDate "1976.02.29"]
[PlyCount "80"]
[Source "Perpetual Check"]

1.Nf3 g6 2.e4 Bg7 3.d4 d6 4.Be2 Nf6 5.Nc3 O-O 6.O-O Nc6 7.Be3 e5 8.Qd2 
exd4 9.Nxd4 Re8 10.f3 d5 11.Bb5 Bd7 12.Bxc6 bxc6 13.exd5 Nxd5 14.Nxd5 cxd5
15.c3 c5 16.Nb3 d4 17.cxd4 Ba4 18.Bg5 Qd5 19.dxc5 Bxb3 20.axb3 Qxc5+ 21.
Kh1 Qb5 22.b4 Re2 23.Ra5 Rxd2 24.Rxb5 Rxb2 25.Be3 Bf8 26.Ra5 a6 27.Bc5 
Bxc5 28.bxc5 Rb5 29.Rfa1 Rxa5 30.Rxa5 Kg7 31.Kg1 Kf6 32.Kf2 Ke5 33.Ke3 Kd5
34.Kd3 f5 35.Kc3 Re8 36.c6+ Kd6 37.Rxa6 Re2 38.c7+ Kxc7 39.Ra7+ Kd6 40.
Rxh7 Rxg2 1/2-1/2

[Event "6th Solidarity it"]
[Site "Skopje YUG"]
[Date "1976.03.06"]
[Round "6"]
[White "Uhlmann, Wolfgang"]
[Black "Ivkov, Borislav"]
[Result "1/2-1/2"]
[WhiteElo "2555"]
[BlackElo "2520"]
[EventDate "1976.02.29"]
[PlyCount "33"]
[Source "Perpetual Check"]

1.c4 c5 2.Nf3 Nf6 3.Nc3 d5 4.cxd5 Nxd5 5.g3 Nc6 6.Bg2 e6 7.O-O Be7 8.d4 
O-O 9.e4 Nxc3 10.bxc3 b6 11.Bf4 cxd4 12.cxd4 Ba6 13.Re1 Nb4 14.Bf1 Bxf1 
15.Kxf1 Qc8 16.a3 Nc2 17.Rc1 1/2-1/2

[Event "6th Solidarity it"]
[Site "Skopje YUG"]
[Date "1976.03.07"]
[Round "7"]
[White "Kurajica, Bojan"]
[Black "Nicevski, Risto"]
[Result "1-0"]
[WhiteElo "2525"]
[BlackElo "2395"]
[EventDate "1976.02.29"]
[PlyCount "81"]
[Source "Perpetual Check"]

1.e4 c5 2.Nf3 Nc6 3.d4 cxd4 4.Nxd4 Nf6 5.Nc3 e6 6.Nxc6 bxc6 7.e5 Nd5 8.Ne4
f5 9.exf6 Nxf6 10.Nd6+ Bxd6 11.Qxd6 Qb6 12.Bd3 c5 13.Bf4 Bb7 14.O-O Rc8 
15.c4 Kf7 16.Rad1 Qxd6 17.Bxd6 Rhd8 18.f4 g6 19.h3 Be4 20.Be2 Rc6 21.Be5 
Ra6 22.a3 d6 23.b4 cxb4 24.axb4 Ra2 25.Rfe1 Ke7 26.Bd4 Rb8 27.b5 Nd7 28.
Ra1 Rxa1 29.Rxa1 e5 30.fxe5 Nxe5 31.Bxe5 dxe5 32.Rxa7+ Kd6 33.Rxh7 Kc5 34.
Rc7+ Kd6 35.Rf7 Ra8 36.Kf2 Ra3 37.h4 Kc5 38.Rc7+ Kd6 39.b6 Rc3 40.Bf3 Bxf3
41.gxf3 1-0

[Event "6th Solidarity it"]
[Site "Skopje YUG"]
[Date "1976.03.07"]
[Round "7"]
[White "Reshevsky, Samuel Herman"]
[Black "Karpov, Anatoly"]
[Result "1/2-1/2"]
[WhiteElo "2515"]
[BlackElo "2695"]
[EventDate "1976.02.29"]
[PlyCount "23"]
[Source "Perpetual Check"]

1.Nf3 c5 2.c4 Nf6 3.g3 g6 4.Bg2 Bg7 5.O-O O-O 6.d4 cxd4 7.Nxd4 Nc6 8.Nc3 
Nxd4 9.Qxd4 d6 10.Qd3 a6 11.Bd2 Rb8 12.Rac1 1/2-1/2

[Event "6th Solidarity it"]
[Site "Skopje YUG"]
[Date "1976.03.07"]
[Round "7"]
[White "Matanovic, Aleksandar"]
[Black "Uhlmann, Wolfgang"]
[Result "1-0"]
[WhiteElo "2525"]
[BlackElo "2555"]
[EventDate "1976.02.29"]
[PlyCount "105"]
[Source "Perpetual Check"]

1.e4 e6 2.d4 d5 3.Nd2 c5 4.exd5 exd5 5.Ngf3 Nc6 6.Bb5 Bd6 7.dxc5 Bxc5 8.
O-O Ne7 9.Nb3 Bd6 10.Bg5 O-O 11.Re1 Bg4 12.Be2 Re8 13.c3 h6 14.Bxe7 Qxe7 
15.h3 Be6 16.Nbd4 Qf6 17.Bb5 Rac8 18.Qd2 Re7 19.Re2 Bc5 20.Rd1 a6 21.Ba4 
Nxd4 22.Nxd4 Bxd4 23.Qxd4 Qxd4 24.Rxd4 Rc4 25.Red2 Bf5 26.Kf1 Rxd4 27.Rxd4
Be6 28.Bb3 Rd7 29.Ke2 Kf8 30.Ke3 Ke7 31.Rb4 Kd6 32.Kd4 b5 33.a4 Rb7 34.Bd1
Bd7 35.axb5 Rxb5 36.Rxb5 axb5 37.Bh5 g6 38.Bf3 Be6 39.h4 f6 40.g3 g5 41.
Be2 Bd7 42.Bh5 Bh3 43.b3 Bd7 44.Bf7 Bc6 45.f4 gxh4 46.gxh4 Bb7 47.Bh5 Bc6 
48.Bf3 Ba8 49.c4 dxc4 50.Bxa8 cxb3 51.Be4 b2 52.h5 b4 53.Kc4 1-0

[Event "6th Solidarity it"]
[Site "Skopje YUG"]
[Date "1976.03.07"]
[Round "7"]
[White "Georgievski, Vanco"]
[Black "Tarjan, James Edward"]
[Result "0-1"]
[WhiteElo "2250"]
[BlackElo "2490"]
[EventDate "1976.02.29"]
[PlyCount "90"]
[Source "Perpetual Check"]

1.Nf3 g6 2.g3 Bg7 3.Bg2 c5 4.O-O Nc6 5.c4 e5 6.Nc3 Nge7 7.e4 d6 8.d3 O-O 
9.h3 h6 10.a3 Rb8 11.Rb1 a6 12.b4 cxb4 13.axb4 b5 14.cxb5 axb5 15.Be3 f5 
16.Kh2 Be6 17.Re1 f4 18.gxf4 exf4 19.Bd2 Nd4 20.Ne2 Nxf3+ 21.Bxf3 Nc6 22.
Rg1 Ne5 23.Nd4 Bd7 24.Qf1 Qb6 25.Bc3 Nxf3+ 26.Nxf3 Bxc3 27.Rxg6+ Kh7 28.
Qg2 Rg8 29.Rg1 Qd8 30.d4 Qf8 31.h4 Re8 32.h5 Rxg6 33.Qxg6+ Kh8 34.Rc1 Re6 
35.Qg4 Re7 36.Qh4 Bxb4 37.Rc7 Rg7 38.d5 Bg4 39.Rxg7 Qxg7 40.Qd8+ Qg8 41.
Qf6+ Qg7 42.Qd8+ Kh7 43.Nh4 Qg5 44.Qc7+ Kg8 45.Qb8+ Kf7 0-1

[Event "6th Solidarity it"]
[Site "Skopje YUG"]
[Date "1976.03.08"]
[Round "8"]
[White "Vaganian, Rafael"]
[Black "Matanovic, Aleksandar"]
[Result "1-0"]
[WhiteElo "2550"]
[BlackElo "2525"]
[EventDate "1976.02.29"]
[PlyCount "81"]
[Source "Perpetual Check"]

1.Nf3 Nf6 2.c4 b6 3.Nc3 Bb7 4.d4 e6 5.Bg5 h6 6.Bh4 Be7 7.Qc2 d5 8.cxd5 
exd5 9.Bxf6 Bxf6 10.Rd1 O-O 11.g3 Qe7 12.Bg2 c5 13.O-O Na6 14.Rfe1 Rfe8 
15.Qa4 Nc7 16.e3 a5 17.Qb3 c4 18.Qxb6 Reb8 19.Qc5 Qd8 20.Ne5 Be7 21.Nc6 
Bxc6 22.Qxc6 Ra6 23.Qa4 Rxb2 24.Rb1 Rb4 25.Qc2 Qd7 26.a3 Rxb1 27.Rxb1 Bxa3
28.Rb7 Qc6 29.Rb8+ Bf8 30.Rd8 a4 31.Nxd5 Nxd5 32.Bxd5 Qc7 33.Qxc4 Qxc4 34.
Bxc4 Ra7 35.Ba2 a3 36.d5 g5 37.e4 Rc7 38.d6 Rc6 39.e5 Rc2 40.e6 fxe6 41.d7
1-0

[Event "6th Solidarity it"]
[Site "Skopje YUG"]
[Date "1976.03.08"]
[Round "8"]
[White "Kurajica, Bojan"]
[Black "Sofrevski, Jovan"]
[Result "1/2-1/2"]
[WhiteElo "2525"]
[BlackElo "2450"]
[EventDate "1976.02.29"]
[PlyCount "24"]
[Source "Perpetual Check"]

1.e4 e5 2.Nf3 Nc6 3.Bb5 Bc5 4.c3 Nf6 5.d4 exd4 6.e5 Ne4 7.O-O d5 8.exd6 
O-O 9.dxc7 Qxc7 10.cxd4 Nxd4 11.Nxd4 Qb6 12.Nc3 Nxc3 1/2-1/2

[Event "6th Solidarity it"]
[Site "Skopje YUG"]
[Date "1976.03.10"]
[Round "9"]
[White "Sofrevski, Jovan"]
[Black "Nicevski, Risto"]
[Result "1/2-1/2"]
[WhiteElo "2450"]
[BlackElo "2395"]
[EventDate "1976.02.29"]
[PlyCount "70"]
[Source "Perpetual Check"]

1.Nf3 Nf6 2.c4 c5 3.Nc3 e6 4.g3 d5 5.cxd5 exd5 6.d4 Nc6 7.Bg2 Be7 8.O-O 
O-O 9.Bg5 cxd4 10.Nxd4 h6 11.Be3 Bg4 12.h3 Be6 13.Qa4 Bd7 14.Rad1 Qc8 15.
Kh2 Rd8 16.Qc2 Be6 17.Rc1 Qd7 18.Rfd1 Rac8 19.Qa4 a6 20.Nxc6 bxc6 21.Bb6 
Re8 22.e4 Qb7 23.Bd4 dxe4 24.Nxe4 Nxe4 25.Bxe4 Bd5 26.Bxd5 cxd5 27.Re1 
Red8 28.Rxc8 Rxc8 29.Bxg7 Qb4 30.Qd1 Kxg7 31.Rxe7 Qxe7 32.Qg4+ Qg5 33.Qxc8
d4 34.Qc2 Qb5 35.Qd2 d3 1/2-1/2

[Event "6th Solidarity it"]
[Site "Skopje YUG"]
[Date "1976.03.10"]
[Round "9"]
[White "Ivkov, Borislav"]
[Black "Karpov, Anatoly"]
[Result "1/2-1/2"]
[WhiteElo "2520"]
[BlackElo "2695"]
[EventDate "1976.02.29"]
[PlyCount "32"]
[Source "Perpetual Check"]

1.d4 Nf6 2.c4 e6 3.Nf3 b6 4.g3 Bb7 5.Bg2 Be7 6.O-O O-O 7.Nc3 Ne4 8.Qc2 
Nxc3 9.Qxc3 d6 10.b3 c5 11.Bb2 Bf6 12.Rad1 Qe7 13.Qd2 Rd8 14.Rfe1 cxd4 15.
Nxd4 Bxg2 16.Kxg2 Qb7+ 1/2-1/2

[Event "6th Solidarity it"]
[Site "Skopje YUG"]
[Date "1976.03.10"]
[Round "9"]
[White "Matanovic, Aleksandar"]
[Black "Adorjan, Andras"]
[Result "1/2-1/2"]
[WhiteElo "2525"]
[BlackElo "2510"]
[EventDate "1976.02.29"]
[PlyCount "30"]
[Source "Perpetual Check"]

1.e4 d6 2.d4 Nf6 3.Nc3 g6 4.Nf3 Bg7 5.Be2 O-O 6.O-O Nc6 7.d5 Nb8 8.Be3 e6 
9.dxe6 Bxe6 10.Qd2 Re8 11.Rfe1 Nc6 12.Bg5 Bg4 13.h3 Bxf3 14.Bxf3 Ne5 15.
Be2 Ned7 1/2-1/2

[Event "6th Solidarity it"]
[Site "Skopje YUG"]
[Date "1976.03.10"]
[Round "9"]
[White "Georgievski, Vanco"]
[Black "Uhlmann, Wolfgang"]
[Result "0-1"]
[WhiteElo "2250"]
[BlackElo "2555"]
[EventDate "1976.02.29"]
[PlyCount "144"]
[Source "Perpetual Check"]

1.g3 g6 2.Bg2 Bg7 3.c4 e5 4.d3 d6 5.Nc3 f5 6.e4 Nf6 7.Nge2 O-O 8.O-O c6 9.
b3 Na6 10.Bb2 Nc5 11.f3 Ne6 12.Kh1 f4 13.Qd2 fxg3 14.hxg3 Nh5 15.Qe1 Bh6 
16.Bc1 Bxc1 17.Rxc1 Qg5 18.Rd1 Nd4 19.Rc1 Qh6 20.Kg1 Qe3+ 21.Qf2 Nxf3+ 22.
Bxf3 Rxf3 23.Qxe3 Rxe3 24.Kf2 Rxd3 25.Rfd1 Rxd1 26.Rxd1 Bg4 27.Rxd6 Rf8+ 
28.Kg2 Bf3+ 29.Kg1 Nf6 30.Re6 Ng4 31.Rd6 Kg7 32.Nc1 Nf6 33.Nd3 Re8 34.Nc5 
Re7 35.Ne6+ Kh6 36.Nc5 Kg5 37.Kf2 Bg4 38.Kg2 Ne8 39.Rd8 b6 40.Nd3 Kf6 41.
Nb4 Bd7 42.c5 Nc7 43.cxb6 axb6 44.Na4 Ne6 45.Rb8 b5 46.Nb6 Ng5 47.a4 bxa4 
48.bxa4 Bh3+ 49.Kh2 Kg7 50.Nxc6 Rf7 51.Nxe5 Rf2+ 52.Kg1 Nxe4 53.Rb7+ Kh6 
54.Nf7+ Kh5 55.Re7 Rg2+ 56.Kf1 Rxg3+ 57.Ke2 Bg4+ 58.Kf1 Bh3+ 59.Ke2 Bg4+ 
60.Kf1 Rf3+ 61.Kg1 Bf5 62.Ne5 Rg3+ 63.Kf1 g5 64.a5 Ra3 65.Nbc4 Ra2 66.Ne3 
Ng3+ 67.Kg1 h6 68.Rf7 Ne2+ 69.Kf2 Be6 70.Ra7 Nd4+ 71.Kg1 Re2 72.N3c4 Kh4 
0-1

[Event "6th Solidarity it"]
[Site "Skopje YUG"]
[Date "1976.03.10"]
[Round "9"]
[White "Tarjan, James Edward"]
[Black "Timman, Jan"]
[Result "1/2-1/2"]
[WhiteElo "2490"]
[BlackElo "2550"]
[EventDate "1976.02.29"]
[PlyCount "28"]
[Source "Perpetual Check"]

1.e4 c6 2.d4 d5 3.exd5 cxd5 4.c4 Nf6 5.Nc3 g6 6.cxd5 Bg7 7.Bc4 Nbd7 8.d6 
O-O 9.dxe7 Qxe7+ 10.Nge2 Nb6 11.Bd3 Bd7 12.O-O Bc6 13.Bd2 Rad8 14.Re1 Qd7 
1/2-1/2

[Event "6th Solidarity it"]
[Site "Skopje YUG"]
[Date "1976.03.11"]
[Round "10"]
[White "Uhlmann, Wolfgang"]
[Black "Tarjan, James Edward"]
[Result "1-0"]
[WhiteElo "2555"]
[BlackElo "2490"]
[EventDate "1976.02.29"]
[PlyCount "107"]
[Source "Perpetual Check"]

1.c4 c5 2.Nf3 Nf6 3.Nc3 e6 4.g3 b6 5.Bg2 Bb7 6.d4 cxd4 7.Qxd4 Be7 8.O-O d6
9.e4 O-O 10.Qe3 a6 11.Nd4 Qc7 12.b3 Nc6 13.Bb2 Rfd8 14.Rac1 Nxd4 15.Qxd4 
Bf8 16.h3 Rac8 17.Kh2 Re8 18.Rfd1 Ba8 19.Ba3 Red8 20.f4 Ne8 21.Qe3 Nf6 22.
Qd4 Ne8 23.Bb2 Nf6 24.Rd2 Ne8 25.Na4 Rb8 26.Qe3 Bc6 27.Nc3 Ba8 28.Rcd1 Be7
29.Ne2 h6 30.Bf3 b5 31.Rc1 Qa5 32.Nd4 Rdc8 33.Rdc2 bxc4 34.Rxc4 Rxc4 35.
Rxc4 Bf6 36.Qe2 e5 37.fxe5 dxe5 38.Bc3 Qa3 39.Bb4 Rxb4 40.Nc2 Qxa2 41.Nxb4
Qxe2+ 42.Bxe2 Nd6 43.Rc7 a5 44.Nd5 Bxd5 45.exd5 e4 46.Rc5 Be5 47.Rxa5 f5 
48.b4 g5 49.b5 f4 50.b6 Bd4 51.Ra8+ Kg7 52.Rd8 Nf7 53.b7 fxg3+ 54.Kg2 1-0

[Event "6th Solidarity it"]
[Site "Skopje YUG"]
[Date "1976.03.11"]
[Round "10"]
[White "Karpov, Anatoly"]
[Black "Matanovic, Aleksandar"]
[Result "1/2-1/2"]
[WhiteElo "2695"]
[BlackElo "2525"]
[EventDate "1976.02.29"]
[PlyCount "90"]
[Source "Perpetual Check"]

1.Nf3 Nf6 2.c4 b6 3.g3 Bb7 4.Bg2 g6 5.O-O Bg7 6.d4 O-O 7.Qc2 Be4 8.Qb3 Nc6
9.Nbd2 d5 10.Qc3 Na5 11.cxd5 Bxd5 12.b4 Nc6 13.b5 Nxd4 14.Qxd4 Nh5 15.Qb4 
Bxa1 16.g4 Ng7 17.Nb3 a5 18.bxa6 c5 19.Qa3 Bxb3 20.Qxb3 Ne6 21.Ng5 Rxa6 
22.Nxe6 fxe6 23.Bh6 Bg7 24.Qxe6+ Rf7 25.Bd5 Bxh6 26.Qxf7+ Kh8 27.Bc4 Ra8 
28.e3 Qd7 29.Qf3 Rd8 30.Rb1 Qc7 31.Rd1 Rf8 32.Qe4 Bg7 33.Rd5 e5 34.Rd2 Bf6
35.Bb5 Rd8 36.Rd5 Rxd5 37.Qxd5 Qd8 38.Qe6 Kg7 39.Kg2 Qa8+ 40.Bc6 Qg8 41.
Qd7+ Qf7 42.Qd6 Qxa2 43.Bd5 Qa7 44.Qe6 Qe7 45.Qxb6 Bh4 1/2-1/2

[Event "6th Solidarity it"]
[Site "Skopje YUG"]
[Date "1976.03.12"]
[Round "11"]
[White "Reshevsky, Samuel Herman"]
[Black "Nicevski, Risto"]
[Result "1/2-1/2"]
[WhiteElo "2515"]
[BlackElo "2395"]
[EventDate "1976.02.29"]
[PlyCount "43"]
[Source "Perpetual Check"]

1.d4 Nf6 2.c4 c5 3.d5 e6 4.Nc3 exd5 5.cxd5 d6 6.Nf3 g6 7.e4 Bg7 8.Be2 O-O 
9.O-O Re8 10.Qc2 Na6 11.a3 Bg4 12.Bf4 c4 13.Bxc4 Bxf3 14.gxf3 Nh5 15.Bg3 
Be5 16.Bb5 Rf8 17.Bxa6 bxa6 18.Bxe5 dxe5 19.Ne2 Rb8 20.Rad1 Qg5+ 21.Kh1 
Rfc8 22.Nc3 1/2-1/2

[Event "6th Solidarity it"]
[Site "Skopje YUG"]
[Date "1976.03.12"]
[Round "11"]
[White "Georgievski, Vanco"]
[Black "Adorjan, Andras"]
[Result "0-1"]
[WhiteElo "2250"]
[BlackElo "2510"]
[EventDate "1976.02.29"]
[PlyCount "64"]
[Source "Perpetual Check"]

1.b3 e5 2.Bb2 Nc6 3.c4 Nf6 4.Nc3 g6 5.g3 Bg7 6.Bg2 O-O 7.d3 d6 8.Nf3 Nd4 
9.Nd2 c6 10.e3 Nf5 11.Qe2 d5 12.Nd1 Re8 13.cxd5 Nxd5 14.a3 b6 15.O-O Bb7 
16.Rc1 Qd7 17.Nf3 c5 18.e4 Nd4 19.Nxd4 exd4 20.Qc2 Nc7 21.Rb1 Rad8 22.Bc1 
Nb5 23.Re1 f5 24.f3 h6 25.Ra1 Kh7 26.Bd2 Nd6 27.Nb2 fxe4 28.fxe4 Nxe4 29.
Bxe4 Bxe4 30.dxe4 d3 31.Qc4 Bxb2 32.Ra2 b5 0-1